Central Library OPAC University of Rajshahi
Normal view MARC view

Entry Topical Term

Number of records used in: 4

001 - CONTROL NUMBER

  • control field: 12707

003 - CONTROL NUMBER IDENTIFIER

  • control field: BD-RjUL

005 - DATE AND TIME OF LATEST TRANSACTION

  • control field: 20240424154349.0

008 - FIXED-LENGTH DATA ELEMENTS

  • fixed length control field: 240424|| aca||aabn | a|a d

040 ## - CATALOGING SOURCE

  • Original cataloging agency: BD-RjUL
  • Transcribing agency: BD-RjUL

150 ## - HEADING--TOPICAL TERM

  • Topical term or geographic name entry element: Groumdwater
  • General subdivision: Evaluation and Modelling
  • Geographic subdivision: Bangladesh
  • Geographic subdivision: Naogaon
  • Chronological subdivision: Dhamoirhat Thana

670 ## - SOURCE DATA FOUND

  • Source citation: Work cat.: (BD-RjUL)83578: Hasan, A. F. M. Rashidul 12706, Evaluation and Modelling of Groumdwater Resources in Dhamoirhat Thana of Naogaon District, Bangladesh /, 2001